Statistics for Events in New Zealand 2001-2020

Click here to take the quiz!

General Stats

  • This quiz has been taken 12 times
  • The average score is 9 of 20

Answer Stats

yearhintanswer% Correct
201951 midday worshippers are killed by a lone Australian in this cityChristchurch
80%
2017She becomes New Zealand's third female prime ministerJacinda Ardern
80%
2004He wins a best-director Academy Award for The Lord of the RingsPeter Jackson
70%
2011New Zealand wins its second Rugby World Cup under this captainRichie McCaw
70%
2002This government-owned bank is establishedKiwibank
60%
2015This woman reaches the number 1 world golf ranking, aged 17Lydia Ko
60%
2008The winning party, led by John Key, of the 2008 general electionNational
60%
2010Coming-of-age movie, 3-letters long, about an 11 year-old from the East CoastBoy
50%
2007This TV series, starring Jemaine and Bret, premieres in the USFlight of the Conchords
50%
2009This Labour politician, later Auckland's mayor, has his first year as Opposition LeaderPhil Goff
50%
2005This province, which has won the most NPC rugby titles, wins again this yearAuckland
40%
2020Two referendums are held, one on legalising cannabis, the other on legalising ...euthanasia
40%
2016This north Canterbury earthquake closes State Highway 1, and the main railway, for a yearKaikoura
40%
2014New Zealand's first cricket test triple century, 302 by Brendon McCullum, is scored hereWellington
40%
2003This driver wins the first of his five IndyCar championshipsScott Dixon
30%
2013This author (pictured) wins the Man Booker prize for her novel The LuminariesEleanor Catton
20%
2001This six-letter percussion group wins the classical category at NZ Music AwardsStrike
10%
2006This entrepeneur's autobiography, Jump Start, is publishedAJ Hackett
0%
201211 die when a hot-air balloon crashes near this Wairarapa townCarterton
0%
2018NZ wins its 2nd and 3rd medals, ever, at this sports eventWinter Olympics
0%

Score Distribution

Percentile by Number Answered

Percent of People with Each Score

Your Score History

You have not taken this quiz